| LEADER | 01306nam a2200253 u 4500 | ||
|---|---|---|---|
| 001 | 10031393 | ||
| 003 | upatras | ||
| 005 | 20210117210109.0 | ||
| 008 | 991213s1998 gr gre | ||
| 040 | |a GR-PaULI |c GR-PaULI | ||
| 041 | 0 | |a gre | |
| 082 | 0 | 4 | |a 610.9 |
| 100 | 1 | |9 105349 |a Καραμπερόπουλος, Δημήτριος Απ., |d 1945- | |
| 245 | 1 | 0 | |a Η αποδοχή της ευρωπαικής ιατρικής επιστήμης μέσω των ελληνικών βιβλίων της προεπαναστατικής περιόδου |c Δημήτρης Καραμπερόπουλος |
| 260 | |a Αθήνα |b [χ.ό] |c 1998 | ||
| 300 | |a 346 σ. |c 24 εκ. | ||
| 500 | |a Ανάτυπο από τον τόμο των Πρακτικών "Η επιστημονική σκέψη στον ελληνικό χώρο 18ος - 19ος αι." | ||
| 504 | |a Περιλαμβάνει σημειώσεις | ||
| 650 | 4 | |a Ιατρική |x Ιστορία |9 1962 | |
| 852 | |a GR-PaULI |b ΠΑΤΡΑ |b ΒΚΠ |b ΒΣ1 |k ΑΣΧΕ |h 610.9 Κ |m 052422 |p 025000073376 |t 1 | ||
| 942 | |2 ddc |c BK15 | ||
| 952 | |0 0 |1 0 |4 0 |6 610_900000000000000_Κ |7 0 |9 201282 |a LISP |b LISP |c BSC |d 2016-04-24 |i 052422 |l 0 |o 610.9 Κ |p 025000073376 |r 2016-04-24 00:00:00 |t 1 |w 2016-04-24 |y BK15 | ||
| 998 | |c ΠΑΝΑΓΟΠΟΥΛΟΥ |d 1999-12 | ||
| 999 | |c 123277 |d 123277 | ||